Catálogo
 En Linea

Obras selectas (Registro nro. 22689)

Detalles MARC
000 -CABECERA
campo de control de longitud fija 00953nam a2200277 a 4500
001 - NÚMERO DE CONTROL
campo de control 000023192
003 - IDENTIFICADOR DEL NÚMERO DE CONTROL
campo de control DO-SdBNP
005 - FECHA Y HORA DE LA ÚLTIMA TRANSACCIÓN
campo de control 20210527094346.0
008 - DATOS DE LONGITUD FIJA--INFORMACIÓN GENERAL
campo de control de longitud fija 101130s1982 ck 000 0 spa d
040 ## - FUENTE DE LA CATALOGACIÓN
Centro catalogador/agencia de origen DO-SdBNP
Lengua de catalogación spa
Centro/agencia transcriptor BNPHU
043 ## - CÓDIGO DE ÁREA GEOGRÁFICA
Código de área geográfica s-ck---
082 ## - NÚMERO DE LA CLASIFICACIÓN DECIMAL DEWEY
Número de clasificación nnnn
Número de documento/Ítem O13s
245 00 - MENCIÓN DE TÍTULO
Título Obras selectas
260 ## - PUBLICACIÓN, DISTRIBUCIÓN, ETC.
Lugar de publicación, distribución, etc. Bogota, D.E. :
Nombre del editor, distribuidor, etc. Cámara de representantes,
Fecha de publicación, distribución, etc. 1982.
300 ## - DESCRIPCIÓN FÍSICA
Extensión v ;
Dimensiones 24 cm.
490 1# - MENCIÓN DE SERIE
Mención de serie Pensadores políticos colombianos
490 1# - MENCIÓN DE SERIE
Mención de serie Fundadores
500 ## - NOTA GENERAL
Nota general La biblioteca posee el t.1
504 ## - NOTA DE BIBLIOGRAFÍA, ETC.
Nota de bibliografía, etc. Incluye referencias bibliográficas y notas al pie de las páginas
505 1# - NOTA DE CONTENIDO CON FORMATO
Nota de contenido con formato t.1 Escritos civiles y militares -- t.2 Escritos de su vida pública y privada
700 1# - PUNTO DE ACCESO ADICIONAL--NOMBRE DE PERSONA
Nombre de persona Obando, José María,
Fechas asociadas al nombre 1795-1861.
9 (RLIN) 47740
700 1# - PUNTO DE ACCESO ADICIONAL--NOMBRE DE PERSONA
Nombre de persona Andrade González, Gerardo,
9 (RLIN) 47741
710 1# - PUNTO DE ACCESO ADICIONAL--NOMBRE DE ENTIDAD CORPORATIVA
Nombre de entidad corporativa o nombre de jurisdicción como elemento de entrada Academia de Historia del Cauca
9 (RLIN) 47742
830 #0 - PUNTO DE ACCESO ADICIONAL DE SERIE-TÍTULO UNIFORME
Título uniforme Pensadores políticos colombianos.
Nombre de parte o sección de la obra Fundadores ;
9 (RLIN) 47743
942 ## - ELEMENTOS DE PUNTO DE ACCESO ADICIONAL (KOHA)
Fuente del sistema de clasificación o colocación Dewey Decimal Classification
Tipo de ítem Koha Libro
Existencias
Estado de retiro Estado de pérdida Restricciones de uso No para préstamo Código de colección Localización permanente Ubicación/localización actual Ubicación en estantería Fecha de adquisición Número de inventario Total de préstamos Signatura topográfica completa Código de barras Fecha visto por última vez Precio válido a partir de Tipo de ítem Koha
    Préstamo interno   Monografías: Libros y Folletos General General En catalogación 30.11.2010 LF1   t. 1 23192-10 25.06.2020 25.06.2020 Préstamo interno

Con tecnología Koha